000 01244nam a22002657a 4500
005 20160901141218.0
008 140516b2013 it il fr|||| 00| | eng d
020 _a9782940472253
040 _aCO-BoIAVH
_cCO-BoIAVH
041 _aeng
044 _ait
082 0 4 _a551.6986
_bM97h
100 1 0 _aMuñoz-Uribe, Paula Andrea
245 1 0 _aHolocene climate variability in tropical South America:
_bcase history from a high-mountain wet zone in NW Colombia based on palynology and X-ray microfluorescence
260 _aGenova, Italia
_bUniversité de Genéve, Institut Forel
_c2013
300 _a177 p.
_btablas, mapas, gráficas
_c28 cm.
490 _aRevista Terre & Environnement
_vVol. 124
500 _aTesis presentada a la Facultad de Ciencias de la Universidad de Génova para obtener el grado de Doctor en Ciencias, mención Ciencias de la Tierra
504 _aIncluye referencias bibliográficas (pag. 145-156)
650 _aClimatología
_vInvestigaciones
_zAmerica del Sur
650 6 _aClima tropical
_vInvestigaciones
_zAmerica del Sur
650 _aCambios climáticos
_zAmerica del Sur
650 6 _aVariabilidad de precipitación
_vInvestigaciones
_zAmerica del Sur
942 _2ddc
_cImpreso
999 _c8431
_d8431